Los fantasmas de la imaginación (Registro nro. 309898)

Detalles MARC
000 -ENCABEZADO
Número de control [NR] 01717nam a2200253 4500
005 - FECHA Y HORA DE LA ÚLTIMA TRANSACCIÓN
control field 20180517135957.0
008 - DE LONGITUD FIJA DE DATOS DE ELEMENTOS - INFORMACIÓN GENERAL
Elementos de longitud fija [NR] 180511n sp a|||fr|||| 000 0 spa d
040 ## - FUENTE DE CATALOGACION [NR]
Agencia de catalogación original [NR] CO-BoUCM
Idioma de catalogación [NR] spa
Quien Cataloga Sandra Yazo
Quien Clasifica Sandra Yazo
041 1# - CODIGO DE IDIOMA [R]
Código de idioma para texto/pista de sonido o título separado [R] Español
082 04 - NUMERO DE CLASIFICACION DECIMAL DEWEY [R]
Número de la edición [NR] 20
Número de clasificación [R] 398.2
092 ## - SIGNATURA TOPOGRAFICA LOCAL
Número de clasificación local E46N024
245 04 - MENCION DE TITULO [NR]
Título [NR] Los fantasmas de la imaginación
Mención de responsabilidad, etc. [NR] Versión española de Florencio Janer
Parte restante del título [NR] Según los mejores autores de ciencias ocultas
260 ## - PUBLICACION, DISTRIBUCION, ETC. (PIE DE IMPRENTA) [R]
Lugar de publicación, distribución, etc. [R] Madrid (España)
Nombre del editor, distribuidor, etc. [R] Imprenta de Gaspar y Roig
Fecha de publicación, distribución, etc. [R] [fecha desconocida]
300 ## - DESCRIPCION FISICA [R]
Extensión [R] 211 páginas
Otros detalles físicos [NR] ilustraciones
Dimensiones [R] 18 x 11 cm
490 0# - MENCION DE SERIE [R]
Mención de serie [R] Biblioteca científica creativa
500 ## - NOTA GENERAL [R]
Nota general [NR] Detalles físicos: Encuadernación rígida de calidad (holandesa): cartón duro forrado en papel jaspeado; lomo de cuero (verde): nervaduras sobre costuras. Letras y líneas decorativas en dorado. Guardas simulando papel de agua. Hoja de cortesía. Anteportada. Portada impresa en una sola tinta. Texto impreso en una sola columna. Grabados dentro del texto. Índice. Cinta para señalar la lectura. Pape manchado por oxidación
505 0# - NOTA DE CONTENIDO CON FORMATO PREESTABLECIDO [R]
Nota de contenido con formato preestablecido [NR] Las creencias populares ; Los genios tutelares y los espíritus domésticos ; Los enanos y los guardianes de tesoros escondidos ; Los espíritus de los campos y los genios de las aguas ; Las hadas ; Los héroes populares y románticos ; Los gigantes y los seres monstruosos ; Las auroras boreales y las batallas en el aire ; Los espectros ; Los talismanes mágicos ; De la fascinación y de los prestigios
506 ## - NOTA DE RESTRICCIONES DE ACCESO [R]
Condiciones de acceso [NR] Consulta en sala
650 #7 - ASIENTO SECUNDARIO DE MATERIA - TERMINO TEMATICO [R]
9 (RLIN) 15563
Término temático o nombre geográfico como elemento de entrada [NR] Fantasmas
Subdivisión general [R] Folclor
650 #7 - ASIENTO SECUNDARIO DE MATERIA - TERMINO TEMATICO [R]
9 (RLIN) 35913
Término temático o nombre geográfico como elemento de entrada [NR] Mitos y leyendas
690 ## - ASUNTO AGREGADO LOCAL DE ENTRADA - TÉRMINO TEMÁTICO (OCLC, RLIN)
Acceso temático local Cultura
9 (RLIN) 12390
700 1# - ASIENTO SECUNDARIO - NOMBRE PERSONAL [R]
Nombre personal [NR] Janer, Florencio
Fechas asociadas con el nombre [NR] 1831-1877
9 (RLIN) 92505
Término de relación [R] traductor
942 ## - ELEMENTOS DE ENTRADA AGREGADOS (KOHA)
Sistema de clasificación LOCAL
Tipo de ítem principal el descrito en 300a Libro
Edición 1
Clasificación E46N024
Existencias
Suprimido Perdido Sistema de clasificación Dañado No prestable Tipo de ítem específico Ubicación habitual Ubicación actual Localización Fecha de creación Forma de adquisición Costo Total préstamos Signatura topográfica Código de barras Última vez visto Ejemplar Price effective from Tipo de ítem
    LOCAL     Libro archivo Archivo Histórico Archivo Histórico Archivo histórico 17/05/2018 Donación 0.00   E46N024 L006577 17/05/2018 Ej.1 17/05/2018 Libro